Azja Express- polska edycja - Statystyki

Ogólne statystyki
  • Ten quiz został rozwiązany 8 razy
  • Średni wynik to 7 z 11
Statystyki odpowiedzi
Hint Odpowiedź % Poprawnych
Sezon 1 Tajlandia
100%
Sezon 1 Wietnam
100%
Sezon 2 Indie
86%
Sezon 1 Laos
86%
Sezon 1 Kambodża
71%
Sezon 2 Sri Lanka
71%
Sezon 5 Gruzja
57%
Sezon 5 Turcja
57%
Sezon 6 Filipiny
43%
Sezon 5 Uzbekistan
43%
Sezon 6 Tajwan
14%
Nie znaleziono quizów pasujących do podanych kryteriów
Rozkład punktacji
Procent ludzi z każdym wynikiem
Percentyl według liczby udzielonych odpowiedzi
Twoja historia wyników
Nie rozwiązałeś tego quizu